01056nam a2200301 450000500170000000800410001702000180005810000270007624500710010325000180017430000500019250000400024253400170028265000380029965000410033765000550037865000510043370000340048470000420051894200150056026400300057533600270060533700330063233800280066504000350069308400110072899900150073920220317001425.0161108s9999 sp a g 000 0 s  a9788496646636 aKönnecke, Oled1961- aMucha suerte!cOle Könnecke ; traducción de Eduardo Martínez a1a. edición a[30] páginasbilustraciones en colorc12 cm aTitulo original: Her zu verschenken bViel Glück142LEMBaCuentos infantiles alemanes142LEMBaLibros ilustrados para niños142LEMBaBuenaventuraxLibros ilustrados para niños142LEMBaAnimalesxLibros ilustrados para niños10aKönnecke, Oled1961-97181410aMartínez, EduardoeTraductor923597 2loccBKLIT aSalamancabLóguezc2011 atextobtxt2rdacontent asin mediaciónbn2rdamedia avolumenbnc2rdacarrier aCO-BoRNBPbspaerdacCO-BoRNBP aA KOM2 c6933d6933